[Event "Bayern-chTT (Oberliga)"]
[Site "Bayern 2008/09"]
[Date "2008.12.14"]
[Round "4.2"]
[White "Zvara, Petr"]
[Black "Rohrmueller, Ulrich"]
[Result "1/2-1/2"]
[WhiteElo "2401"]
[BlackElo "2275"]
[PlyCount "83"]
[EventDate "2009.03.??"]
[EventType "team-tourn"]
[EventRounds "9"]
[WhiteTeam "Bamberg-SC 1"]
[BlackTeam "Gröbenzell 1"]

1. e4 e6 2. d4 d5 3. Nd2 Nf6 4. e5 Nfd7 5. c3 c5 6. f4 Nc6 7. Ndf3 cxd4 8. cxd4
f5 9. Bd3 Be7 10. Ne2 Nb6 11. h3 a5 12. a4 Nb4 13. Bb1 Bd7 14. g4 O-O 15. b3
Nc8 16. Nc3 Na7 17. Qe2 Rc8 18. Bd2 Be8 19. O-O Bg6 20. Rc1 Qe8 21. Qg2 Rc6 22.
Ne2 Rxc1+ 23. Bxc1 fxg4 24. Qxg4 Bd8 25. Bxg6 Qxg6 26. Qxg6 hxg6 27. Bd2 Nbc6
28. Rc1 Be7 29. Kg2 Rc8 30. Be1 Kf7 31. Bh4 Bxh4 32. Nxh4 Ne7 33. Rxc8 Naxc8
34. Nc3 Na7 35. Kf2 Nf5 36. Nxf5 gxf5 37. Kf3 Kg6 38. Kg3 Kh5 39. h4 Kg6 40.
Kh3 Kh5 41. Kg3 Kg6 42. Kf3 1/2-1/2

[Event "Bayern-chTT (Oberliga)"]
[Site "Bayern 2008/09"]
[Date "2008.12.14"]
[Round "4.3"]
[White "Schuster, Karsten(73)"]
[Black "Sodoma, Jan"]
[Result "1/2-1/2"]
[WhiteElo "2196"]
[BlackElo "2306"]
[PlyCount "132"]
[EventDate "2009.03.??"]
[EventType "team-tourn"]
[EventRounds "9"]
[WhiteTeam "Gröbenzell 1"]
[BlackTeam "Bamberg-SC 1"]

1. d4 Nf6 2. c4 e6 3. Nc3 Bb4 4. Qc2 d5 5. cxd5 exd5 6. Bg5 c5 7. Nf3 cxd4 8.
Nxd4 Nc6 9. Nxc6 bxc6 10. e3 O-O 11. a3 Be7 12. Bd3 h6 13. Bh4 Be6 14. O-O Nd7
15. Bxe7 Qxe7 16. Ne2 c5 17. Nf4 Rfd8 18. Rfd1 Ne5 19. Bh7+ Kh8 20. Bf5 Kg8 21.
Bh7+ Kh8 22. Bf5 Kg8 23. Rac1 c4 24. Bh7+ Kh8 25. Bf5 Qf6 26. Bxe6 fxe6 27. Qc3
Kh7 28. b3 cxb3 29. Qxb3 Nc4 30. Qb7 a5 31. Qc6 Re8 32. a4 Rac8 33. Qd7 Rcd8
34. Qc7 Rc8 35. Qd7 Qd8 36. Qf7 Ne5 37. Qb7 Rb8 38. Qa7 Re7 39. Qd4 Qd6 40. Nd3
Nc6 41. Qc5 Qxc5 42. Rxc5 Rb6 43. g3 Ra7 44. Rdc1 Ne7 45. h4 g5 46. hxg5 hxg5
47. Rc7 Rbb7 48. Rxb7 Rxb7 49. Rc5 Ra7 50. Rb5 Kg7 51. Nc5 Kf7 52. g4 Nc6 53.
Kg2 Ne5 54. Rb6 Re7 55. Ra6 Nxg4 56. Rxa5 Ne5 57. Ra6 Nc4 58. a5 e5 59. Ra8 d4
60. a6 dxe3 61. fxe3 Nxe3+ 62. Kf3 Nd5 63. Rb8 g4+ 64. Kxg4 e4 65. Nb7 e3 66.
a7 Nb6 1/2-1/2

[Event "Bayern-chTT (Oberliga)"]
[Site "Bayern 2008/09"]
[Date "2008.12.14"]
[Round "4.4"]
[White "Krauseneck, Peter ProfDr"]
[Black "Zach, Andreas(60)"]
[Result "0-1"]
[WhiteElo "2114"]
[BlackElo "2241"]
[PlyCount "76"]
[EventDate "2009.03.??"]
[EventType "team-tourn"]
[EventRounds "9"]
[WhiteTeam "Bamberg-SC 1"]
[BlackTeam "Gröbenzell 1"]

1. e4 e6 2. d4 d5 3. Nc3 Be7 4. e5 Nh6 5. Bxh6 gxh6 6. f4 c5 7. Nf3 Nc6 8. Qd3
Bd7 9. Nd1 cxd4 10. Nxd4 Bc5 11. Nb3 Bb6 12. c3 f6 13. Qh3 O-O 14. Qxh6 fxe5
15. Qg5+ Qxg5 16. fxg5 e4 17. a4 a6 18. a5 Ba7 19. Kd2 e5 20. Be2 Be6 21. Ra4
Kg7 22. Nc1 d4 23. Bh5 e3+ 24. Ke2 Bf5 25. cxd4 Nxd4+ 26. Ke1 Rac8 27. Nc3 Bd7
28. Ra2 Rf2 29. Be2 Nc2+ 30. Kd1 Nb4 31. Ra3 Bf5 32. Nb3 Bc2+ 33. Ke1 Bd3 34.
Bg4 Rxc3 35. bxc3 Nc2+ 36. Kd1 Nxa3 37. Ke1 Bc4 38. Na1 Ra2 0-1

[Event "Bayern-chTT (Oberliga)"]
[Site "Bayern 2008/09"]
[Date "2008.12.14"]
[Round "4.5"]
[White "Kaunzinger, Albert"]
[Black "Breithut, Kurt-Georg"]
[Result "1/2-1/2"]
[WhiteElo "2154"]
[BlackElo "2126"]
[PlyCount "33"]
[EventDate "2009.03.??"]
[EventType "team-tourn"]
[EventRounds "9"]
[WhiteTeam "Gröbenzell 1"]
[BlackTeam "Bamberg-SC 1"]

1. Nc3 d5 2. e4 dxe4 3. Nxe4 Nf6 4. Qf3 Nbd7 5. d3 g6 6. Bd2 Bg7 7. Bc3 O-O 8.
Ne2 c6 9. N2g3 Qc7 10. Nxf6+ Nxf6 11. Ne4 Nd5 12. Bxg7 Kxg7 13. Be2 Bf5 14. O-O
Bxe4 15. dxe4 Nf6 16. Qc3 Kg8 17. Bd3 1/2-1/2

[Event "Bayern-chTT (Oberliga)"]
[Site "Bayern 2008/09"]
[Date "2008.12.14"]
[Round "4.6"]
[White "Krug, Stefan(63)"]
[Black "Scheckenbach, Franz"]
[Result "1-0"]
[WhiteElo "2083"]
[BlackElo "2123"]
[PlyCount "67"]
[EventDate "2009.03.??"]
[EventType "team-tourn"]
[EventRounds "9"]
[WhiteTeam "Bamberg-SC 1"]
[BlackTeam "Gröbenzell 1"]

1. e4 c5 2. c3 d6 3. d4 Nf6 4. Bd3 g6 5. dxc5 dxc5 6. e5 Nd5 7. Be4 e6 8. c4
Qh4 9. Qe2 Nb6 10. Nf3 Qd8 11. Nc3 Be7 12. Bh6 a6 13. Rd1 Qc7 14. O-O Bd7 15.
Rfe1 Nc6 16. Nd5 exd5 17. cxd5 Nxd5 18. Bxd5 Be6 19. Bxe6 fxe6 20. Qc4 Qc8 21.
Bg7 Rg8 22. Bf6 Rf8 23. Bxe7 Nxe7 24. Ng5 Nd5 25. Ne4 Rf4 26. Nf6+ Kf7 27. Qc1
Rxf6 28. exf6 Qc6 29. Qh6 Kxf6 30. Rd3 e5 31. Rf3+ Nf4 32. Rxe5 Qxf3 33. gxf3
Kxe5 34. Qg5+ 1-0

[Event "Bayern-chTT (Oberliga)"]
[Site "Bayern 2008/09"]
[Date "2008.12.14"]
[Round "4.7"]
[White "Schmidt, Anton(61)"]
[Black "Mittag, Ralf"]
[Result "0-1"]
[WhiteElo "2054"]
[BlackElo "2062"]
[PlyCount "58"]
[EventDate "2009.03.??"]
[EventType "team-tourn"]
[EventRounds "9"]
[WhiteTeam "Gröbenzell 1"]
[BlackTeam "Bamberg-SC 1"]

1. d4 g6 2. c4 Bg7 3. e4 d6 4. Nc3 Nc6 5. d5 Nd4 6. Nge2 c5 7. Nxd4 cxd4 8. Nb5
Qb6 9. c5 Qxc5 10. Bd2 Qb6 11. Rc1 Kf8 12. Rc7 Nf6 13. Qc2 Bd7 14. a4 a5 15.
Bg5 Rd8 16. Bd3 h6 17. Bd2 Ng4 18. O-O Ne5 19. Rc1 Kg8 20. Be2 Kh7 21. b4 axb4
22. Bxb4 d3 23. Bxd3 Nxd3 24. Qxd3 Qa6 25. Bc3 Bxc3 26. Qxc3 Qxa4 27. Nd4 Rc8
28. h3 Rxc7 29. Qxc7 Rc8 0-1

[Event "Bayern-chTT (Oberliga)"]
[Site "Bayern 2008/09"]
[Date "2008.12.14"]
[Round "4.8"]
[White "Mikuta, Alexander"]
[Black "Stocker, Rupert"]
[Result "1-0"]
[WhiteElo "1965"]
[BlackElo "2045"]
[PlyCount "61"]
[EventDate "2009.03.??"]
[EventType "team-tourn"]
[EventRounds "9"]
[WhiteTeam "Bamberg-SC 1"]
[BlackTeam "Gröbenzell 1"]

1. e4 c6 2. d3 d5 3. Nd2 g6 4. g3 Bg7 5. Bg2 Nf6 6. Ngf3 dxe4 7. dxe4 Na6 8.
O-O Nc5 9. Qe2 O-O 10. Re1 Qc7 11. e5 Nd5 12. a3 Bg4 13. Qc4 Bxf3 14. Nxf3 Ne6
15. h4 Qb6 16. h5 Qc5 17. Qe4 a5 18. c4 Nb6 19. Be3 Qxc4 20. Bxb6 Qb3 21. Bd4
Rfd8 22. Bc3 Nc5 23. Qh4 Nd3 24. Re2 b5 25. hxg6 hxg6 26. Ng5 b4 27. Qh7+ Kf8
28. e6 bxc3 29. exf7 e5 30. Qg8+ Ke7 31. f8=Q+ 1-0

[Event "Bayern-chTT (Oberliga)"]
[Site "Bayern 2008/09"]
[Date "2008.12.14"]
[Round "4.1"]
[White "Barsov, Alexei"]
[Black "Siepelt, Heiner"]
[Result "1-0"]
[WhiteElo "2506"]
[BlackElo "2276"]
[PlyCount "49"]
[EventDate "2009.03.??"]
[EventType "team-tourn"]
[EventRounds "9"]
[WhiteTeam "Krumbach 1"]
[BlackTeam "Würzburg 1"]

1. d4 g6 2. Nf3 Bg7 3. c4 d6 4. g3 Nf6 5. Bg2 O-O 6. O-O Nbd7 7. Nc3 e5 8. h3
exd4 9. Nxd4 Nb6 10. b3 d5 11. Ba3 Re8 12. c5 Nbd7 13. c6 Nb6 14. Rc1 a6 15. e3
Bf8 16. Bxf8 Kxf8 17. a4 Rb8 18. a5 Na8 19. Qf3 Qd6 20. Rfd1 bxc6 21. Nxc6 Rxb3
22. Nxd5 Nxd5 23. Rxd5 Qa3 24. Rcd1 Kg7 25. Rd8 1-0

[Event "Bayern-chTT (Oberliga)"]
[Site "Bayern 2008/09"]
[Date "2008.12.14"]
[Round "4.2"]
[White "Seuffert, Gabriel"]
[Black "Vokac, Marek"]
[Result "1/2-1/2"]
[WhiteElo "2242"]
[BlackElo "2441"]
[PlyCount "89"]
[EventDate "2009.03.??"]
[EventType "team-tourn"]
[EventRounds "9"]
[WhiteTeam "Würzburg 1"]
[BlackTeam "Krumbach 1"]

1. c4 g6 2. g3 Bg7 3. Bg2 c5 4. Nc3 Nc6 5. a3 d6 6. Rb1 Bd7 7. b4 cxb4 8. axb4
Rc8 9. Nd5 b5 10. cxb5 Nd4 11. Nc3 Nxb5 12. Nxb5 Bxb5 13. Bb2 Bxb2 14. Rxb2 Nf6
15. Nf3 Qb6 16. O-O O-O 17. Re1 Rc7 18. Qa1 Rfc8 19. Rbb1 e5 20. Qa5 Bd7 21.
Ra1 e4 22. Qxb6 axb6 23. Nd4 Rc4 24. e3 Rxb4 25. Rab1 Rxb1 26. Rxb1 b5 27. Bf1
d5 28. Bxb5 Bxb5 29. Rxb5 Rc1+ 30. Kg2 Rd1 31. Rb2 Ng4 32. f4 exf3+ 33. Nxf3
Nf6 34. Rb8+ Kg7 35. Rd8 g5 36. h3 h5 37. Nxg5 Rxd2+ 38. Kf1 Ra2 39. Rd6 Ra5
40. Ke2 d4 41. Nf3 Ne4 42. Rxd4 Nxg3+ 43. Kf2 Nf5 44. Rd3 Ra2+ 45. Nd2 1/2-1/2

[Event "Bayern-chTT (Oberliga)"]
[Site "Bayern 2008/09"]
[Date "2008.12.14"]
[Round "4.3"]
[White "Lang, Marc(69)"]
[Black "Rupp, Markus(73)"]
[Result "1/2-1/2"]
[WhiteElo "2275"]
[BlackElo "2217"]
[PlyCount "81"]
[EventDate "2009.03.??"]
[EventType "team-tourn"]
[EventRounds "9"]
[WhiteTeam "Krumbach 1"]
[BlackTeam "Würzburg 1"]

1. d4 Nf6 2. c4 Nc6 3. Nc3 e5 4. d5 Ne7 5. h4 g6 6. e4 d6 7. Be2 Bg7 8. g4 h5
9. g5 Nd7 10. Be3 f5 11. gxf6 Nxf6 12. Qd2 O-O 13. f3 c5 14. Nh3 Bxh3 15. Rxh3
Kh7 16. Nd1 Neg8 17. Nf2 Bh6 18. O-O-O a6 19. Kb1 Rb8 20. Rg1 Bxe3 21. Qxe3 Nh6
22. Rhg3 Rg8 23. Nh3 Nf7 24. f4 Qe7 25. f5 gxf5 26. exf5 Rxg3 27. Rxg3 Rg8 28.
Ng5+ Kh8 29. Nxf7+ Qxf7 30. Qh6+ Nh7 31. Rxg8+ Kxg8 32. Qxd6 Qxf5+ 33. Kc1 Nf6
34. Qb8+ Kg7 35. Qxb7+ Kg6 36. Qxa6 e4 37. Qe6 Qf2 38. Kd2 Qd4+ 39. Kc2 Qf2 40.
Kd1 Qg1+ 41. Kd2 1/2-1/2

[Event "Bayern-chTT (Oberliga)"]
[Site "Bayern 2008/09"]
[Date "2008.12.14"]
[Round "4.5"]
[White "Kempter, Ronald"]
[Black "Zehnter, Sebastian"]
[Result "0-1"]
[WhiteElo "2223"]
[BlackElo "2182"]
[PlyCount "80"]
[EventDate "2009.03.??"]
[EventType "team-tourn"]
[EventRounds "9"]
[WhiteTeam "Krumbach 1"]
[BlackTeam "Würzburg 1"]

1. Nf3 c5 2. c4 Nf6 3. g3 b6 4. Bg2 Bb7 5. O-O e6 6. Nc3 a6 7. d4 cxd4 8. Qxd4
d6 9. Rd1 Nbd7 10. e4 Qc7 11. b3 Rc8 12. Bb2 Be7 13. Rac1 O-O 14. h3 Rfd8 15.
Qe3 Qb8 16. Nd4 Bf8 17. g4 h6 18. Qe2 g6 19. Nc2 Qa8 20. f3 Qb8 21. Ne3 Re8 22.
Qd2 Rcd8 23. h4 Ne5 24. Ne2 g5 25. hxg5 hxg5 26. Nd4 Bg7 27. Nf1 Nh7 28. Ne3
Bf6 29. Kf2 Nf8 30. Ba1 Nfg6 31. Ne2 b5 32. Rh1 Qa8 33. Rh5 d5 34. exd5 exd5
35. cxd5 Bxd5 36. Nxd5 Rxd5 37. Qc2 Nd3+ 38. Kf1 Qa7 39. Ng3 Qe3 40. Rd1 Qe1+
0-1

[Event "Bayern-chTT (Oberliga)"]
[Site "Bayern 2008/09"]
[Date "2008.12.14"]
[Round "4.6"]
[White "Reis, Thomas(70)"]
[Black "Wild, Rudolf(63)"]
[Result "1-0"]
[WhiteElo "2110"]
[BlackElo "2205"]
[PlyCount "85"]
[EventDate "2009.03.??"]
[EventType "team-tourn"]
[EventRounds "9"]
[WhiteTeam "Würzburg 1"]
[BlackTeam "Krumbach 1"]

1. d4 Nf6 2. Nf3 g6 3. c4 Bg7 4. Nc3 c5 5. d5 d6 6. e4 b5 7. cxb5 a6 8. bxa6
O-O 9. h3 Bxa6 10. Bxa6 Rxa6 11. O-O Nbd7 12. Re1 Ne8 13. Re2 Nc7 14. Bf4 Nb6
15. Rc1 Qa8 16. Bg5 Re8 17. Rcc2 Nc4 18. Qd3 Ne5 19. Nxe5 Bxe5 20. g3 Rb6 21.
Kg2 Qa6 22. Qf3 Nb5 23. Nxb5 Rxb5 24. Qd3 Qb7 25. b3 Rb8 26. Bd2 Ra8 27. Be1
Rb6 28. f4 Bg7 29. h4 Ra3 30. e5 e6 31. exd6 Bd4 32. Qe4 Rxd6 33. dxe6 Qxe4+
34. Rxe4 Rxe6 35. Rxe6 fxe6 36. Bf2 Bxf2 37. Kxf2 h5 38. Ke2 Kf7 39. Kd3 Ke7
40. Kc4 Kd6 41. Rd2+ Kc6 42. Re2 Kd6 43. Kb5 1-0

[Event "Bayern-chTT (Oberliga)"]
[Site "Bayern 2008/09"]
[Date "2008.12.14"]
[Round "4.7"]
[White "Egger, Thomas(58)"]
[Black "Alm, Christopher"]
[Result "1-0"]
[WhiteElo "2156"]
[BlackElo "1990"]
[PlyCount "119"]
[EventDate "2009.03.??"]
[EventType "team-tourn"]
[EventRounds "9"]
[WhiteTeam "Krumbach 1"]
[BlackTeam "Würzburg 1"]

1. Nf3 Nf6 2. g3 g6 3. Bg2 Bg7 4. O-O O-O 5. c4 c5 6. d4 d6 7. Nc3 Nc6 8. d5
Na5 9. Nd2 Rb8 10. Qc2 a6 11. Rb1 b5 12. b3 e5 13. Bb2 bxc4 14. bxc4 Bh6 15. e3
Bf5 16. Nce4 Nxe4 17. Bxe4 Bh3 18. Bg2 Bf5 19. Be4 Bh3 20. Rfe1 Bd7 21. f4 f5
22. Bg2 Qc7 23. Bc3 e4 24. Rb2 Bg7 25. Bxg7 Kxg7 26. Qc3+ Kf7 27. Reb1 Rxb2 28.
Rxb2 Bc8 29. g4 Nb7 30. g5 Qd8 31. Bf1 Kg8 32. Rb3 Qa5 33. Qxa5 Nxa5 34. Ra3
Nb7 35. Rxa6 Rf7 36. Be2 Rc7 37. Ra7 Kf8 38. Bd1 Bd7 39. Nb3 Ke7 40. Na5 Nxa5
41. Rxc7 Kd8 42. Rxd7+ Kxd7 43. Ba4+ Kc7 44. Bb5 Nb7 45. h4 Kb6 46. Be8 Na5 47.
Bxg6 hxg6 48. h5 gxh5 49. g6 Nxc4 50. g7 Nxe3 51. g8=Q Kb5 52. Qb8+ Kc4 53.
Qxd6 Nxd5 54. Qe6 Kd4 55. Qe5+ Kc4 56. Qxf5 Nc3 57. Qe6+ Kd3 58. Kf2 Nd1+ 59.
Ke1 Ne3 60. Qd7+ 1-0

[Event "Bayern-chTT (Oberliga)"]
[Site "Bayern 2008/09"]
[Date "2008.12.14"]
[Round "4.8"]
[White "Gehlert, Klaus"]
[Black "Trassl, Franz"]
[Result "1-0"]
[WhiteElo "2069"]
[BlackElo "2111"]
[PlyCount "89"]
[EventDate "2009.03.??"]
[EventType "team-tourn"]
[EventRounds "9"]
[WhiteTeam "Würzburg 1"]
[BlackTeam "Krumbach 1"]

1. d4 g6 2. c4 Bg7 3. Nf3 Nf6 4. g3 d6 5. Bg2 c6 6. O-O O-O 7. Nc3 Qa5 8. Re1
Be6 9. d5 cxd5 10. Ng5 dxc4 11. Nxe6 fxe6 12. Bxb7 Nbd7 13. Bxa8 Rxa8 14. Qa4
Qxa4 15. Nxa4 Nd5 16. Bd2 Rb8 17. Rab1 N5b6 18. Nxb6 Rxb6 19. Rec1 Rc6 20. Bc3
Bh6 21. Rc2 d5 22. f4 e5 23. fxe5 Nc5 24. Bd4 Ne6 25. Bf2 d4 26. Rd1 Ra6 27. a3
Ra5 28. Rxc4 Rxe5 29. Kf1 Rf5 30. Ke1 Bg7 31. Ra4 a5 32. Rc4 Rb5 33. Rd2 Rb3
34. Rdc2 Kf7 35. Ra4 Rb5 36. Kd1 Nc5 37. Rac4 Nb3 38. Be1 Na1 39. Rc1 Nb3 40.
R1c2 Na1 41. Rd2 Nb3 42. Rd3 Bf6 43. a4 Rb7 44. Kc2 Na1+ 45. Kb1 1-0

[Event "Bayern-chTT (Oberliga)"]
[Site "Bayern 2008/09"]
[Date "2009.01.18"]
[Round "5.1"]
[White "Heika, Martin"]
[Black "Barsov, Alexei"]
[Result "1/2-1/2"]
[WhiteElo "2384"]
[BlackElo "2509"]
[PlyCount "89"]
[EventDate "2009.03.??"]
[EventType "team-tourn"]
[EventRounds "9"]
[WhiteTeam "Regensburg-Fortuna 1"]
[BlackTeam "Krumbach 1"]

1. e4 e6 2. d4 d5 3. Nc3 Bb4 4. e5 Ne7 5. a3 Bxc3+ 6. bxc3 c5 7. Qg4 O-O 8. Bd3
f5 9. exf6 Rxf6 10. Bg5 Rf7 11. Qh5 g6 12. Qd1 Nbc6 13. Nf3 Qf8 14. O-O c4 15.
Be2 h6 16. Bc1 Bd7 17. Ne1 g5 18. g3 Qg7 19. Ng2 Nf5 20. f4 Nd6 21. Qe1 Raf8
22. a4 gxf4 23. Bxf4 Ne4 24. Kh1 e5 25. dxe5 Nxe5 26. Rd1 Bh3 27. Bxe5 Rxf1+
28. Bxf1 Qxe5 29. Nf4 Bxf1 30. Qxf1 Nxc3 31. Re1 Ne4 32. Qe2 Re8 33. Kg2 Qf5
34. Qd1 Rd8 35. Qd4 b6 36. a5 Rd6 37. axb6 axb6 38. Ra1 Nf6 39. Ra8+ Kf7 40.
Ra7+ Ke8 41. Kg1 Qe4 42. Ra8+ Kf7 43. Ra7+ Ke8 44. Ra8+ Kf7 45. Ra7+ 1/2-1/2

[Event "Bayern-chTT (Oberliga)"]
[Site "Bayern 2008/09"]
[Date "2009.01.18"]
[Round "5.2"]
[White "Vokac, Marek"]
[Black "Speckner, Roland"]
[Result "1-0"]
[WhiteElo "2453"]
[BlackElo "2295"]
[PlyCount "97"]
[EventDate "2009.03.??"]
[EventType "team-tourn"]
[EventRounds "9"]
[WhiteTeam "Krumbach 1"]
[BlackTeam "Regensburg-Fortuna 1"]

1. d4 Nf6 2. Nf3 g6 3. Bg5 d5 4. e3 c6 5. Nbd2 Bg7 6. Bd3 Qb6 7. Rb1 O-O 8. O-O
Nbd7 9. c4 Re8 10. cxd5 cxd5 11. Qa4 Nf8 12. Rfc1 Bf5 13. Bxf5 gxf5 14. Bxf6
Bxf6 15. Rc5 e6 16. Rbc1 Re7 17. g3 Qd8 18. Qc2 Rd7 19. Nb3 Be7 20. Rc8 Rxc8
21. Qxc8 Qxc8 22. Rxc8 Rd8 23. Rc7 Rd7 24. Rxd7 Nxd7 25. Na5 Nb8 26. Nxb7 Kf8
27. Na5 Bb4 28. Nb3 Nc6 29. Kf1 f6 30. Ke2 Ke7 31. Nc1 e5 32. Kd1 Ke6 33. Ne2
Bd6 34. a3 a6 35. Kc2 Bc7 36. b4 f4 37. exf4 Bb6 38. fxe5 fxe5 39. Kc3 e4 40.
Nd2 Kf5 41. h3 h5 42. Nb3 Bc7 43. Kd2 Bb6 44. Kc3 Bc7 45. Na1 h4 46. Nc2 hxg3
47. fxg3 Ne7 48. Ne3+ Ke6 49. Nf4+ 1-0

[Event "Bayern-chTT (Oberliga)"]
[Site "Bayern 2008/09"]
[Date "2009.01.18"]
[Round "5.3"]
[White "Rother, Christoph"]
[Black "Riefner, Edwin"]
[Result "1/2-1/2"]
[WhiteElo "2239"]
[BlackElo "2234"]
[PlyCount "40"]
[EventDate "2009.03.??"]
[EventType "team-tourn"]
[EventRounds "9"]
[WhiteTeam "Regensburg-Fortuna 1"]
[BlackTeam "Krumbach 1"]

1. e4 e6 2. d4 d5 3. Nd2 Nf6 4. e5 Nfd7 5. f4 c5 6. c3 Nc6 7. Ndf3 Qb6 8. Ne2
f6 9. h4 cxd4 10. cxd4 Bb4+ 11. Bd2 O-O 12. a3 Bxd2+ 13. Qxd2 fxe5 14. fxe5 Na5
15. Qd3 Qb3 16. Nc1 Qxd3 17. Bxd3 Nb6 18. b3 Bd7 19. Ra2 Rac8 20. Rc2 Bb5
1/2-1/2

[Event "Bayern-chTT (Oberliga)"]
[Site "Bayern 2008/09"]
[Date "2009.01.18"]
[Round "5.5"]
[White "Pohl-Kuemmel, Jens-Uwe"]
[Black "Wild, Rudolf(63)"]
[Result "1-0"]
[WhiteElo "2190"]
[BlackElo "2205"]
[PlyCount "77"]
[EventDate "2009.03.??"]
[EventType "team-tourn"]
[EventRounds "9"]
[WhiteTeam "Regensburg-Fortuna 1"]
[BlackTeam "Krumbach 1"]

1. Nf3 c5 2. c4 Nc6 3. d4 cxd4 4. Nxd4 g6 5. e4 Bg7 6. Be3 Nf6 7. Nc3 d6 8. Be2
O-O 9. O-O Bd7 10. f3 a6 11. Qd2 Rc8 12. Rfc1 Nxd4 13. Bxd4 Be6 14. b3 Nd7 15.
Be3 Re8 16. Rab1 Qc7 17. Nd5 Qb8 18. Nf4 Nf8 19. Nxe6 Nxe6 20. a4 Qc7 21. a5
Rb8 22. b4 Qc6 23. Bd1 Red8 24. g3 Bf6 25. Kg2 h5 26. h4 Rdc8 27. Bb3 Rd8 28.
Qd1 Kg7 29. Ba4 Qc8 30. Qd2 Rh8 31. f4 Rd8 32. Rb3 Kh7 33. Rd3 Nf8 34. Bb6 Qe6
35. e5 Bxh4 36. gxh4 Qg4+ 37. Rg3 Qf5 38. Bc2 Qe6 39. Bxd8 1-0

[Event "Bayern-chTT (Oberliga)"]
[Site "Bayern 2008/09"]
[Date "2009.01.18"]
[Round "5.6"]
[White "Egger, Thomas(58)"]
[Black "Jauernig, Udo"]
[Result "1/2-1/2"]
[WhiteElo "2156"]
[BlackElo "2161"]
[PlyCount "77"]
[EventDate "2009.03.??"]
[EventType "team-tourn"]
[EventRounds "9"]
[WhiteTeam "Krumbach 1"]
[BlackTeam "Regensburg-Fortuna 1"]

1. Nf3 e6 2. g3 d5 3. Bg2 Nf6 4. O-O Be7 5. d4 O-O 6. b3 Nbd7 7. Bb2 b6 8. Nbd2
Ba6 9. Re1 c5 10. c4 Rc8 11. Rc1 b5 12. cxb5 Bxb5 13. dxc5 Bxc5 14. Nd4 Qb6 15.
e3 Ba6 16. Bf1 Bxf1 17. Rxf1 a5 18. N2f3 e5 19. Ne2 Qe6 20. Kg2 Qf5 21. Nc3 Nb6
22. Nb5 Nbd7 23. Nc3 Qe6 24. Na4 Be7 25. Rxc8 Rxc8 26. Qb1 Ne4 27. Rc1 Rxc1 28.
Qxc1 Qd6 29. Qc8+ Bf8 30. Qc2 f6 31. Ne1 Ng5 32. h4 Ne6 33. Nf3 Qa6 34. Ne1 Qa8
35. Kg1 Qa6 36. Qd3 Qc6 37. Qc2 Qa6 38. Qd3 Qc6 39. Qc2 1/2-1/2

[Event "Bayern-chTT (Oberliga)"]
[Site "Bayern 2008/09"]
[Date "2009.01.18"]
[Round "5.7"]
[White "Heumann, Joern"]
[Black "Trassl, Franz"]
[Result "0-1"]
[WhiteElo "2110"]
[BlackElo "2111"]
[PlyCount "74"]
[EventDate "2009.03.??"]
[EventType "team-tourn"]
[EventRounds "9"]
[WhiteTeam "Regensburg-Fortuna 1"]
[BlackTeam "Krumbach 1"]

1. e4 g6 2. d4 Bg7 3. Nc3 d6 4. Bc4 Nf6 5. Nf3 O-O 6. Qe2 Bg4 7. e5 Nfd7 8. e6
Nb6 9. exf7+ Kh8 10. Bb3 Nc6 11. Be3 e5 12. dxe5 Nxe5 13. h3 Bxf3 14. gxf3 Nxf7
15. O-O-O Qf6 16. f4 c6 17. h4 h5 18. Rhg1 Nh6 19. f5 Nxf5 20. Bg5 Qe5 21. Qd3
d5 22. Rge1 Qc7 23. Re6 Qf7 24. Rde1 Rae8 25. Rxe8 Rxe8 26. Rxe8+ Qxe8 27. Ne2
Nd7 28. c3 Nc5 29. Qf3 Qe4 30. Qxe4 Nxe4 31. f4 Nxg5 32. fxg5 Be5 33. Bc2 Nxh4
34. Kd2 Nf5 35. Ke1 Kg7 36. Kf2 Nd6 37. Kf3 Nf7 0-1

[Event "Bayern-chTT (Oberliga)"]
[Site "Bayern 2008/09"]
[Date "2009.01.18"]
[Round "5.8"]
[White "Lutz, Albert(45)"]
[Black "Boca, Harald"]
[Result "1-0"]
[WhiteElo "2084"]
[BlackElo "2080"]
[PlyCount "125"]
[EventDate "2009.03.??"]
[EventType "team-tourn"]
[EventRounds "9"]
[WhiteTeam "Krumbach 1"]
[BlackTeam "Regensburg-Fortuna 1"]

1. Nf3 Nf6 2. c4 g6 3. g3 Bg7 4. Bg2 d6 5. d4 c6 6. Nc3 Qc7 7. O-O O-O 8. h3 e5
9. e4 Nbd7 10. Be3 Re8 11. d5 a5 12. Ne1 Nc5 13. Nd3 Nxd3 14. Qxd3 Qe7 15. dxc6
bxc6 16. Rfd1 Bf8 17. Na4 Ba6 18. Rac1 Rab8 19. b3 Qc7 20. Qd2 Red8 21. Qe1 h6
22. Bd2 Re8 23. Bxa5 Qa7 24. Bd2 Bc8 25. Be3 c5 26. Qd2 Kh7 27. Nc3 Bd7 28. Rb1
Bc6 29. Qc2 Qb7 30. a4 Nh5 31. Nd5 Bxd5 32. cxd5 Bg7 33. Bf3 Nf6 34. Be2 Ng8
35. Bb5 Rf8 36. b4 cxb4 37. Rxb4 f5 38. exf5 gxf5 39. Rc4 Qf7 40. Rc7 Qh5 41.
Kg2 Kh8 42. f3 Nf6 43. Ba7 Ra8 44. Qe2 Qg6 45. Bf2 Nh5 46. Kh2 Bf6 47. Qc2 Rg8
48. g4 e4 49. Bd7 Be5+ 50. Kh1 fxg4 51. hxg4 Raf8 52. fxe4 Rxf2 53. Qxf2 Qxe4+
54. Qg2 Ng3+ 55. Kg1 Ne2+ 56. Kf2 Bd4+ 57. Rxd4 Qxd4+ 58. Kxe2 Qb2+ 59. Kf3
Qb3+ 60. Kf4 Rf8+ 61. Bf5 Qxa4+ 62. Kg3 Qa5 63. Qb2+ 1-0

[Event "Bayern-chTT (Oberliga)"]
[Site "Bayern 2008/09"]
[Date "2009.01.18"]
[Round "5.2"]
[White "Rohrmueller, Ulrich"]
[Black "Siepelt, Heiner"]
[Result "1-0"]
[WhiteElo "2275"]
[BlackElo "2276"]
[PlyCount "65"]
[EventDate "2009.03.??"]
[EventType "team-tourn"]
[EventRounds "9"]
[WhiteTeam "Gröbenzell 1"]
[BlackTeam "Würzburg 1"]

1. Nf3 Nf6 2. c4 g6 3. g3 Bg7 4. Bg2 O-O 5. O-O d6 6. d4 Nbd7 7. Nc3 e5 8. e4
a6 9. dxe5 dxe5 10. h3 c6 11. Be3 Qe7 12. Qc2 b5 13. Rfc1 Bb7 14. c5 a5 15. a4
b4 16. Nb1 Nh5 17. Nbd2 f5 18. Bg5 Bf6 19. Bxf6 Rxf6 20. exf5 gxf5 21. Nb3 Kh8
22. Re1 e4 23. Rad1 Qg7 24. Qd2 Rf7 25. Nh4 Ne5 26. Nxa5 Ba6 27. Qxb4 Bd3 28.
Qc3 Qf6 29. Kh2 Rg7 30. f4 Nxf4 31. Nxc6 Qxc6 32. Qxe5 Nxg2 33. Nxf5 1-0

[Event "Bayern-chTT (Oberliga)"]
[Site "Bayern 2008/09"]
[Date "2009.01.18"]
[Round "5.3"]
[White "Seuffert, Gabriel"]
[Black "Schuster, Karsten(73)"]
[Result "1/2-1/2"]
[WhiteElo "2242"]
[BlackElo "2196"]
[PlyCount "130"]
[EventDate "2009.03.??"]
[EventType "team-tourn"]
[EventRounds "9"]
[WhiteTeam "Würzburg 1"]
[BlackTeam "Gröbenzell 1"]

1. c4 c6 2. d4 d5 3. Nf3 Nf6 4. e3 a6 5. Bd3 Bg4 6. cxd5 cxd5 7. Qb3 Qc7 8. Nc3
Bxf3 9. gxf3 e6 10. Bd2 Nc6 11. Rc1 Bd6 12. Na4 Nd7 13. Qc2 Qd8 14. Nc5 Nxc5
15. dxc5 Be5 16. Qa4 O-O 17. f4 Bf6 18. Qc2 h6 19. Be2 Rc8 20. O-O Ne7 21. b4
Nf5 22. Qd3 g6 23. f3 Bg7 24. Kh1 Qh4 25. Rg1 Rfd8 26. Be1 Qe7 27. Bf2 h5 28.
a3 Re8 29. Rc2 Rcd8 30. c6 b5 31. c7 Rc8 32. Rgc1 Nd6 33. e4 Nc4 34. exd5 exd5
35. Qxd5 Rxc7 36. Bxc4 bxc4 37. Rxc4 Rd7 38. Qe4 Qd8 39. Qb1 Qa8 40. Re4 Rd2
41. Be3 Rd7 42. Bc5 f5 43. Rxe8+ Qxe8 44. Re1 Qd8 45. Qb3+ Kh7 46. Qe6 Rd1 47.
Rxd1 Qxd1+ 48. Kg2 Qd2+ 49. Bf2 Qxf4 50. Qxa6 h4 51. Qb7 Kh6 52. Qd5 Be5 53.
Bg1 Qg5+ 54. Kf2 h3 55. Qxe5 Qg2+ 56. Ke3 Qxg1+ 57. Kd3 Qd1+ 58. Ke3 Qc1+ 59.
Kf2 Kh7 60. Qe7+ Kg8 61. Qe6+ Kg7 62. Qe5+ Kg8 63. b5 f4 64. Qe6+ Kg7 65. Qd7+
Kf8 1/2-1/2